000 00601nam a2200145 i 4500
001 46990
003 ES-MaACL
007 t|
008 030402s1953 sp ||||1| spa d
245 0 0 _aDe lo Contencioso Administrativo
_b: texto refundido de la Ley aprobado por Decreto de 8 de febrero de 1952 y Reglamento sobre Procedimiento... con la Jurisprudencia dictada hasta el 31 de diciembre de 1951 /
_cFrancisco Pera Verdaguer.
260 _aBarcelona :
_bBosch,
_c[1953] (
_fClarasó)
300 _a548 p. ;
_c16 cm.
700 1 _aPera Verdaguer, Francisco.
_990340
852 _aES-MaACL
_jC-8954
_bR.37079
999 _c46990
_d46990